[Event "AUTO-OPEN-3778"]
[Site "http://www.queenalice.com/game.php?id=1481236"]
[Date "2017.6.5"]
[Round "2"]
[White "josebaron"]
[Black "Licaon86"]
[Result "0-1"]
[WhiteElo "2021"]
[BlackElo "2334"]

1. e4 e6 2. d4 d5 3. exd5 exd5 4. Be2 Bd6 5. Nf3 Nf6 6. h3 O-O 7. O-O h6 8. c4
dxc4 9. Bxc4 Bf5 10. Nc3 c6 11. Bb3 Nbd7 12. Nh4 Bh7 13. f4 Nb6 14. f5 Bg3 15.
Ng6 Re8 16. Bf4 Bxf4 17. Rxf4 Nbd5 18. Nxd5 Nxd5 19. Bxd5 Qxd5 20. Ne5 c5 21.
Ng4 Bxf5 22. Nf2 Bg6 23. dxc5 Qxc5 24. Rd4 Rac8 25. b4 Qb6 26. a4 Rcd8 27. Rxd8
Rxd8 28. Qe1 Rd4 29. b5 Kh7 30. Qc1 Qa5 31. Qa3 Bc2 32. Qb2 Rd2 33. Qc1 Qc3 34.
Ra2 Qd4 0-1

[Event "AUTO-OPEN-3778"]
[Site "http://www.queenalice.com/game.php?id=1481237"]
[Date "2017.6.5"]
[Round "2"]
[White "Licaon86"]
[Black "josebaron"]
[Result "1-0"]
[WhiteElo "2332"]
[BlackElo "2015"]

1. Nf3 d6 2. c4 e5 3. Nc3 Nf6 4. g3 Be7 5. Bg2 O-O 6. O-O c5 7. e3 Nc6 8. d4
cxd4 9. exd4 exd4 10. Nxd4 h6 11. Nxc6 bxc6 12. Bxc6 Rb8 13. b3 Bb7 14. Bxb7
Rxb7 15. Qf3 Rb8 16. Rd1 Qb6 17. Bf4 Rfd8 18. Rd2 Rd7 19. Rad1 Rbd8 20. Nd5 Nxd5
21. Rxd5 a6 22. Qd3 a5 23. c5 Qa7 24. h4 Kh8 25. a3 Kg8 26. b4 axb4 27. axb4 Kh8
28. b5 Qb8 29. c6 Rc7 30. Bxd6 Bxd6 31. Rxd6 Rxd6 32. Qxd6 Kh7 33. Qc5 Qe8 34.
b6 Rxc6 35. Qb5 Rc8 36. Qxe8 Rxe8 37. b7 Rb8 38. Rd7 f5 39. h5 Kg8 40. Kg2 Kf8
41. Kf3 1-0

[Event "AUTO-OPEN-3742"]
[Site "http://www.queenalice.com/game.php?id=1481740"]
[Date "2017.6.10"]
[Round "3"]
[White "Licaon86"]
[Black "Sacapiece"]
[Result "1/2-1/2"]
[WhiteElo "2337"]
[BlackElo "2353"]

1. Nf3 d5 2. c4 c6 3. b3 Nf6 4. Bb2 Bf5 5. d3 e6 6. g3 Nbd7 7. Bg2 h6 8. Nbd2
Be7 9. O-O O-O 10. Re1 Bh7 11. e4 Nc5 12. Qe2 dxe4 13. Nxe4 Ncxe4 14. dxe4 Nxe4
15. Ne5 Nf6 16. Red1 Qc7 17. Rd2 Rad8 18. Rad1 Bb4 19. Rxd8 Rxd8 20. a3 Be7 21.
b4 Rxd1+ 22. Qxd1 Qd8 23. Qxd8+ Bxd8 24. b5 cxb5 25. Bxb7 bxc4 26. Nxc4 Bd3 27.
Ne5 Bb5 28. Nc6 Bb6 29. Nd4 1/2-1/2

[Event "AUTO-OPEN-3742"]
[Site "http://www.queenalice.com/game.php?id=1481741"]
[Date "2017.6.10"]
[Round "3"]
[White "Sacapiece"]
[Black "Licaon86"]
[Result "0-1"]
[WhiteElo "2317"]
[BlackElo "2337"]

1. e4 c6 2. d4 d5 3. exd5 cxd5 4. c4 Nf6 5. Nc3 Nc6 6. Nf3 Bg4 7. cxd5 Nxd5 8.
Qb3 Bxf3 9. gxf3 e6 10. Qxb7 Nxd4 11. Bb5+ Nxb5 12. Qc6+ Ke7 13. Qxb5 Qd7 14.
Nxd5+ Qxd5 15. Bg5+ f6 16. Qxd5 exd5 17. Be3 Ke6 18. O-O-O Rc8+ 19. Kb1 Bc5 20.
Rhe1 Bxe3 21. Rxe3+ Kd6 22. Ra3 Rc7 23. Ra5 Rhc8 24. Raxd5+ Ke6 25. Rd6+ Ke5 26.
R6d3 Kf4 27. a3 Rc2 28. Rd7 Rxf2 29. Rxa7 Rcc2 30. Rxg7 Rxb2+ 31. Ka1 Ra2+ 32.
Kb1 Rfb2+ 33. Kc1 Rxh2 34. Kb1 Rxa3 35. Rf7 Rb3+ 36. Kc1 Rc3+ 37. Kb1 Rc6 38.
Rd3 h5 39. Rh7 h4 40. Rd4+ Kxf3 41. Rdxh4 Rxh4 42. Rxh4 f5 43. Kb2 f4 0-1

[Event "AUTO-OPEN-3742"]
[Site "http://www.queenalice.com/game.php?id=1481742"]
[Date "2017.6.10"]
[Round "3"]
[White "Licaon86"]
[Black "Cacmathias"]
[Result "0-1"]
[WhiteElo "2339"]
[BlackElo "2377"]

1. Nf3 Nf6 2. c4 g6 3. b3 Bg7 4. Bb2 O-O 5. g3 c5 6. Bg2 Nc6 7. O-O d6 8. d4
cxd4 9. Nxd4 Bd7 10. e3 Rc8 11. Nc3 a6 12. Rc1 Re8 13. Qd2 Qa5 14. Rfd1 Nxd4 15.
exd4 b5 16. Nd5 Qxd2 17. Rxd2 Nxd5 18. Bxd5 a5 19. c5 e6 20. c6 exd5 21. cxd7
Rxc1+ 22. Bxc1 Rd8 23. Rc2 Kf8 24. Bg5 f6 25. Bd2 a4 26. bxa4 bxa4 27. Rc7 Ke7
28. Ra7 Rxd7 29. Rxa4 f5 30. Kf1 Rb7 31. Ke2 Bf6 32. Kd3 Ke6 33. Ra6 g5 34. a4
Rb2 35. Be3 Rb3+ 36. Kc2 Rb4 37. a5 Bxd4 38. Bxg5 Rc4+ 39. Kd3 Bxf2 40. Ra8 Ra4
41. a6 Bc5 42. Bc1 Ra1 43. Kc2 d4 44. Kb2 Ra5 45. Bd2 Ra3 46. Bf4 Kd5 47. h4 Kc4
48. Rh8 Rxa6 49. Rxh7 Ba3+ 50. Kc2 d3+ 51. Kd1 Bc5 52. Rc7 Ra1+ 53. Kd2 Ra2+ 54.
Kc1 Kc3 55. Be5+ dxe5 56. Rxc5+ Kd4 57. Rc7 d2+ 58. Kd1 Kd3 59. Rd7+ Ke3 60. h5
Ra1+ 61. Kc2 Rc1+ 0-1

[Event "AUTO-OPEN-3778"]
[Site "http://www.queenalice.com/game.php?id=1488051"]
[Date "2017.7.30"]
[Round "3"]
[White "andrevillares"]
[Black "Licaon86"]
[Result "0-1"]
[WhiteElo "1917"]
[BlackElo "2338"]

1. d4 e6 2. c4 d5 3. Nc3 Be7 4. Nf3 Nf6 5. Bg5 Nbd7 6. e3 O-O 7. Be2 dxc4 8.
Bxc4 b6 9. O-O Bb7 10. Rc1 c5 11. Re1 Ne4 12. Bxe7 Qxe7 13. dxc5 Ndxc5 14. Nxe4
Nxe4 15. Nd4 Rfd8 16. Qg4 Qf6 17. f3 Rxd4 18. fxe4 Rxe4 19. Qg3 Qxb2 20. Qh3
Rxe3 21. Qg4 Rc8 22. Rb1 Rxe1+ 23. Rxe1 Rxc4 24. Qg3 Qxg2+ 25. Qxg2 Bxg2 26.
Kxg2 Rc2+ 27. Kg3 Rxa2 28. h4 g6 0-1

[Event "AUTO-OPEN-3778"]
[Site "http://www.queenalice.com/game.php?id=1488052"]
[Date "2017.7.30"]
[Round "3"]
[White "Licaon86"]
[Black "andrevillares"]
[Result "1/2-1/2"]
[WhiteElo "2348"]
[BlackElo "2026"]

1. Nf3 Nf6 2. c4 d5 3. g3 dxc4 4. Bg2 Nc6 5. Qa4 Bd7 6. Qxc4 e5 7. d3 Be7 8. O-O
O-O 9. Qb3 Rb8 10. Nc3 Be6 11. Qd1 Nd5 12. Bd2 Qd7 13. a3 f6 14. b4 Rfd8 15. Rc1
a6 16. Qc2 Nxc3 17. Bxc3 Rdc8 18. e3 Rd8 19. Rfd1 1/2-1/2